Normal view
MARC view
- Romantic suspense fiction.
Entry Genre/Form Term
001 - CONTROL NUMBER
- control field: 5598
003 - CONTROL NUMBER IDENTIFIER
- control field: NUST
005 - DATE AND TIME OF LATEST TRANSACTION
- control field: 20171024130038.0
008 - FIXED-LENGTH DATA ELEMENTS
- fixed length control field: 171024|| aca||aabn | a|a d
040 ## - CATALOGING SOURCE
- Original cataloging agency: NUST
- Transcribing agency: NUST
155 ## - HEADING--GENRE/FORM TERM
- Genre/form term: Romantic suspense fiction.
670 ## - SOURCE DATA FOUND
- Source citation: Work cat.: (NUST)0: Roberts, Nora. 4521, Midnight Bayou /, 2001.
